| 000 | 00772nam a22002177a 4500 | ||
|---|---|---|---|
| 005 | 20100811165616.0 | ||
| 010 | _aENG-99730 | ||
| 020 | _c150.00 | ||
| 035 | _aEN-83262 | ||
| 037 | _bDBAD/PUB | ||
| 082 | _a954 | ||
| 100 |
_aSumabala, P. _912390 |
||
| 245 |
_aConfluences in South Indian history : _cby P.Sumabala _ba study based in migration / |
||
| 260 |
_aHyderabad _bCharitraka Sahitya Granthamala _c2008 |
||
| 270 |
_bHyderabad _a33, Hastinapur Colony, Nagarjunasagar Road _e79 |
||
| 300 |
_a106p. _c21cm (pbk) _emaps and b&w photoes |
||
| 500 | _a includes bibliographical references | ||
| 700 | _910878 | ||
| 942 |
_2ddc _cEN _h954 _mSUM |
||
| 999 |
_c41202 _d41202 |
||